[Event "Quebec-ch U14"]
[Site "Montreal CAN"]
[Date "2010.11.28"]
[Round "4"]
[White "Yun, Chang"]
[Black "Guo, Forest"]
[Result "1/2-1/2"]
[WhiteElo "1746"]
[BlackElo "1863"]
[PlyCount "64"]
[EventDate "2010.11.26"]
[EventType "swiss"]
[EventRounds "5"]
[EventCountry "CAN"]

1. e4 c5 2. Nf3 d6 3. d4 cxd4 4. Nxd4 Nf6 5. Nc3 a6 6. Be2 e6 7. Be3 Be7 8. O-O
O-O 9. f4 Nc6 10. Bf3 Qc7 11. a4 Bd7 12. Nb3 b6 13. g4 Bc8 14. g5 Nd7 15. Bg2
Re8 16. Qh5 Bf8 17. Rf3 g6 18. Qh4 Bg7 19. f5 Bb7 20. Rh3 Nf8 21. f6 Bh8 22.
Nd1 e5 23. Bf3 Bc8 24. Bg4 h5 25. Bxc8 Raxc8 26. Qf2 Nb4 27. Nc3 Nd7 28. Rd1
Re6 29. Rf3 Qb7 30. Qd2 a5 31. h4 Bxf6 32. gxf6 Nxf6 1/2-1/2

[Event "Quebec-ch U14"]
[Site "Montreal CAN"]
[Date "2010.11.28"]
[Round "5"]
[White "Guo, Forest"]
[Black "Luo, Zhao Yang"]
[Result "1/2-1/2"]
[WhiteElo "1863"]
[BlackElo "1963"]
[PlyCount "20"]
[EventDate "2010.11.26"]
[EventType "swiss"]
[EventRounds "5"]
[EventCountry "CAN"]

1. Nf3 Nf6 2. d4 g6 3. c4 Bg7 4. Nc3 O-O 5. g3 d6 6. Bg2 c5 7. O-O e6 8. e3 Nc6
9. b3 a6 10. Bb2 Rb8 1/2-1/2

[Event "Quebec-ch U14"]
[Site "Montreal CAN"]
[Date "2010.11.28"]
[Round "5"]
[White "Yu, Kexin"]
[Black "Yun, Chang"]
[Result "1/2-1/2"]
[WhiteElo "1614"]
[BlackElo "1746"]
[PlyCount "37"]
[EventDate "2010.11.26"]
[EventType "swiss"]
[EventRounds "5"]
[EventCountry "CAN"]

1. c4 Nf6 2. Nc3 g6 3. Nf3 Bg7 4. d4 O-O 5. e3 d6 6. Be2 Nbd7 7. O-O e5 8. b3
c6 9. dxe5 dxe5 10. Bb2 a5 11. Qc2 Qc7 12. Rad1 Re8 13. Ba3 Bf8 14. Bxf8 Rxf8
15. Rd2 Nc5 16. Rfd1 Bf5 17. Qb2 Nfe4 18. Nxe4 Nxe4 19. Rc2 1/2-1/2

[Event "Quebec-ch U16"]
[Site "Montreal CAN"]
[Date "2010.11.26"]
[Round "1"]
[White "MacIsaac, Alexandre"]
[Black "Sarrazin-Gendron, Roman"]
[Result "0-1"]
[WhiteElo "1738"]
[BlackElo "2013"]
[PlyCount "45"]
[EventDate "2010.11.26"]
[EventType "swiss"]
[EventRounds "5"]
[EventCountry "CAN"]

1. e4 d6 2. d4 Nf6 3. Nc3 g6 4. Nf3 Bg7 5. Bc4 O-O 6. Be3 c6 7. Qd2 b5 8. Bb3
b4 9. Ne2 Nxe4 10. Qxb4 a5 11. Qa4 Ba6 12. d5 Bxb2 13. Qxe4 Bxa1 14. dxc6 Qc7
15. Nh4 e6 16. Nf4 d5 17. Nxe6 Bc3+ 18. Kd1 fxe6 19. Qxe6+ Kg7 20. Bxd5 Rd8 21.
Nf5+ gxf5 22. Bh6+ Kh8 23. Qf6+ 0-1

[Event "Quebec-ch U16"]
[Site "Montreal CAN"]
[Date "2010.11.26"]
[Round "1"]
[White "Roy, Myriam"]
[Black "Nikulich, Oleksandr"]
[Result "1/2-1/2"]
[WhiteElo "2007"]
[BlackElo "1478"]
[PlyCount "121"]
[EventDate "2010.11.26"]
[EventType "swiss"]
[EventRounds "5"]
[EventCountry "CAN"]

1. e4 e5 2. Nf3 Nc6 3. d4 exd4 4. Nxd4 Qf6 5. Be3 Bc5 6. c3 Nge7 7. Bb5 a6 8.
Ba4 b5 9. Bc2 Bb7 10. O-O Rd8 11. Nxc6 Qxc6 12. Bxc5 Qxc5 13. Nd2 O-O 14. a4
Ng6 15. Kh1 Rfe8 16. f4 d5 17. Qh5 Qe3 18. Nf3 dxe4 19. Ng5 h6 20. Nxf7 Kxf7
21. f5 Qg5 22. fxg6+ Kg8 23. Qxg5 hxg5 24. axb5 axb5 25. Rf5 Bd5 26. Re1 c6 27.
Kg1 e3 28. Rxg5 Bc4 29. Rg3 e2 30. b3 Rd2 31. bxc4 Rxc2 32. cxb5 cxb5 33. Kf2
Rf8+ 34. Rf3 Rxc3 35. Rxe2 Rc6 36. Rb2 Rb8 37. Rfb3 Rcb6 38. h4 Rf6+ 39. Kg1
Rxg6 40. Rxb5 Rxb5 41. Rxb5 Rg4 42. h5 Kh7 43. Kh2 Kh6 44. Kh3 Rg5 45. Rxg5
Kxg5 46. g4 g6 47. hxg6 Kxg6 48. Kh4 Kh6 49. g5+ Kg6 50. Kg4 Kg7 51. Kf5 Kf7
52. Kf4 Kg6 53. Kg4 Kg7 54. Kh5 Kh7 55. g6+ Kg7 56. Kg5 Kg8 57. Kg4 Kg7 58. Kf5
Kg8 59. Kf6 Kf8 60. g7+ Kg8 61. Kg6 1/2-1/2

[Event "Quebec-ch U16"]
[Site "Montreal CAN"]
[Date "2010.11.27"]
[Round "2"]
[White "Paquette, Esther-Jeanne"]
[Black "Roy, Myriam"]
[Result "0-1"]
[WhiteElo "1024"]
[BlackElo "2007"]
[PlyCount "70"]
[EventDate "2010.11.26"]
[EventType "swiss"]
[EventRounds "5"]
[EventCountry "CAN"]

1. d4 d5 2. c4 c6 3. Bf4 Nf6 4. Nc3 dxc4 5. e4 b5 6. b3 Qa5 7. Bd2 b4 8. Nce2
c3 9. Be3 Nxe4 10. f3 Nf6 11. Nf4 Bf5 12. Bd3 Bxd3 13. Qxd3 e6 14. Nge2 Nbd7
15. O-O Nb6 16. a3 Nbd5 17. axb4 Qxb4 18. Rfb1 Qb5 19. Bf2 Bd6 20. Qxb5 cxb5
21. Nxd5 Nxd5 22. Ra5 a6 23. Rba1 Nc7 24. Bg3 Bxg3 25. hxg3 b4 26. R5a4 Rb8 27.
Nc1 O-O 28. Nd3 a5 29. Rxa5 Rfd8 30. Ne5 Rd6 31. Ra7 Nb5 32. Ra8 Rf8 33. Kf2
Nxd4 34. Rxf8+ Kxf8 35. Rd1 Ke7 0-1

[Event "Quebec-ch U16"]
[Site "Montreal CAN"]
[Date "2010.11.27"]
[Round "2"]
[White "Sarrazin-Gendron, Roman"]
[Black "Wu, Qiyou"]
[Result "1/2-1/2"]
[WhiteElo "2013"]
[BlackElo "1752"]
[PlyCount "129"]
[EventDate "2010.11.26"]
[EventType "swiss"]
[EventRounds "5"]
[EventCountry "CAN"]

1. Nf3 c5 2. g3 Nc6 3. Bg2 g6 4. O-O Bg7 5. d3 d6 6. c4 e5 7. Nc3 Nge7 8. e3
Be6 9. Ng5 Bd7 10. Nge4 Be6 11. Ng5 Bf5 12. e4 Be6 13. Nxe6 fxe6 14. Bh3 Nd4
15. Bg5 O-O 16. f4 exf4 17. gxf4 Bf6 18. Nb5 Nec6 19. Bxf6 Rxf6 20. Nxd4 Nxd4
21. Qd2 Qe7 22. Rab1 Raf8 23. Kh1 Qf7 24. b4 b6 25. e5 dxe5 26. fxe5 Rf2 27.
Rxf2 Qxf2 28. Qxf2 Rxf2 29. bxc5 bxc5 30. Rb8+ Kg7 31. Rb7+ Rf7 32. Rb8 Rf3 33.
Rb7+ Kh6 34. Kg2 Rxd3 35. Rxa7 Rd2+ 36. Kg3 Ne2+ 37. Kf2 Nd4+ 38. Kg3 Rd3+ 39.
Kg2 Kg5 40. Ra6 Rd2+ 41. Kf1 Nf3 42. Bxe6 Nxh2+ 43. Ke1 Nf3+ 44. Kf1 Kf4 45.
Bd5 Nxe5 46. Rf6+ Kg3 47. Re6 Ng4 48. Re2 Rd1+ 49. Re1 Ne3+ 50. Ke2 Rxe1+ 51.
Kxe1 Kf4 52. Bg8 h6 53. a4 Ke5 54. Kd2 Nf5 55. a5 Ne7 56. a6 Nc6 57. Bd5 Na7
58. Ke3 g5 59. Kf3 Kd6 60. Kg4 Kc7 61. Kh5 Kb6 62. Kxh6 g4 63. Kg5 g3 64. Kg4
Kxa6 65. Kxg3 1/2-1/2

[Event "Quebec-ch U16"]
[Site "Montreal CAN"]
[Date "2010.11.27"]
[Round "3"]
[White "Roy, Myriam"]
[Black "Sarrazin-Gendron, Roman"]
[Result "1-0"]
[WhiteElo "2007"]
[BlackElo "2013"]
[PlyCount "73"]
[EventDate "2010.11.26"]
[EventType "swiss"]
[EventRounds "5"]
[EventCountry "CAN"]

1. e4 d6 2. d4 Nf6 3. Nc3 g6 4. f4 Bg7 5. Nf3 O-O 6. Bd3 Nc6 7. O-O e5 8. d5
Ne7 9. fxe5 dxe5 10. Nxe5 Nfxd5 11. exd5 Bxe5 12. Bg5 Qd6 13. Qf3 f6 14. Bf4
Bf5 15. Rad1 Qb6+ 16. Kh1 Qxb2 17. Bxe5 fxe5 18. Bc4 Kg7 19. Qe3 Qb4 20. Qxe5+
Kh6 21. Rd4 g5 22. Qe3 Kg6 23. g4 Rae8 24. Bd3 Qc5 25. gxf5+ Nxf5 26. Bxf5+ Kf6
27. Bd7+ Kg7 28. Qxg5+ Kh8 29. Rxf8+ Rxf8 30. Qe5+ Kg8 31. Be6+ Rf7 32. Bxf7+
Kxf7 33. Rf4+ Kg8 34. Qe6+ Kg7 35. Rf7+ Kh8 36. Qe8+ Qf8 37. Qxf8# 1-0

[Event "Quebec-ch U16"]
[Site "Montreal CAN"]
[Date "2010.11.27"]
[Round "3"]
[White "Wu, Qiyou"]
[Black "Cote-Lalumiere, Tristan"]
[Result "1-0"]
[WhiteElo "1751"]
[BlackElo "1889"]
[PlyCount "59"]
[EventDate "2010.11.26"]
[EventType "swiss"]
[EventRounds "5"]
[EventCountry "CAN"]

1. e4 c5 2. Nf3 d6 3. d4 cxd4 4. Nxd4 Nf6 5. Nc3 g6 6. Be3 Bg7 7. f3 Nc6 8. Qd2
O-O 9. Bc4 Bd7 10. O-O-O Rc8 11. Bb3 Ne5 12. Kb1 Re8 13. h4 h5 14. Bh6 Qa5 15.
Bxg7 Kxg7 16. g4 Rh8 17. gxh5 Rxh5 18. Rdg1 Rch8 19. f4 Nc6 20. Nf3 Bg4 21. Ng5
Rxh4 22. Rxh4 Rxh4 23. Nxf7 Qh5 24. Re1 Na5 25. e5 Nxb3 26. exf6+ Kxf6 27. Nd5+
Kxf7 28. Rxe7+ Kf8 29. axb3 Bf3 30. Qc3 1-0

[Event "Quebec-ch U16"]
[Site "Montreal CAN"]
[Date "2010.11.28"]
[Round "4"]
[White "Cote-Lalumiere, Tristan"]
[Black "MacIsaac, Alexandre"]
[Result "1-0"]
[WhiteElo "1889"]
[BlackElo "1738"]
[PlyCount "51"]
[EventDate "2010.11.26"]
[EventType "swiss"]
[EventRounds "5"]
[EventCountry "CAN"]

1. e4 c5 2. Nf3 e6 3. Nc3 Nc6 4. Be2 Nf6 5. O-O d5 6. exd5 exd5 7. d4 Be6 8.
Be3 Ng4 9. Bf4 h6 10. Nb5 Rc8 11. dxc5 Bxc5 12. Nfd4 Nxd4 13. Nxd4 Bxd4 14.
Bxg4 Bxb2 15. Bxe6 fxe6 16. Qh5+ Kd7 17. Rab1 Qf6 18. Rxb2 Qxb2 19. Qf7+ Kd8
20. Qxe6 Qb5 21. Rd1 Rc5 22. Qd6+ Kc8 23. Qb8+ Kd7 24. Qxh8 Qe2 25. Qxg7+ Kc6
26. Rb1 1-0

[Event "Quebec-ch U16"]
[Site "Montreal CAN"]
[Date "2010.11.28"]
[Round "4"]
[White "Wu, Qiyou"]
[Black "Roy, Myriam"]
[Result "1/2-1/2"]
[WhiteElo "1751"]
[BlackElo "2007"]
[PlyCount "132"]
[EventDate "2010.11.26"]
[EventType "swiss"]
[EventRounds "5"]
[EventCountry "CAN"]

1. e4 c6 2. d4 d5 3. exd5 cxd5 4. c4 Nf6 5. Nc3 Nc6 6. Bg5 e6 7. Nf3 Bb4 8.
cxd5 exd5 9. Bd3 O-O 10. O-O Be6 11. a3 Bxc3 12. bxc3 Rc8 13. Qd2 Na5 14. Rab1
a6 15. Rfc1 b5 16. Qf4 h6 17. Bxf6 Qxf6 18. Qxf6 gxf6 19. a4 bxa4 20. Bxa6 Ra8
21. Bd3 Nb3 22. Rc2 Rfc8 23. Kf1 a3 24. Rxb3 a2 25. Rc1 a1=Q 26. Rxa1 Rxa1+ 27.
Ke2 Bg4 28. Bb1 Re8+ 29. Kd2 Bxf3 30. gxf3 Rc8 31. h3 Kg7 32. Ke3 Ra7 33. Kd2
h5 34. Rb5 Rd8 35. Bc2 h4 36. Bb3 Rad7 37. Bc2 Rc7 38. Bb3 Rcd7 39. Bc2 Rd6 40.
f4 f5 41. Bb3 Kf6 42. Ke3 Re8+ 43. Kf3 Rc8 44. Rc5 Rxc5 45. dxc5 Rc6 46. Bxd5
Rxc5 47. c4 Ke7 48. Ke3 f6 49. Bg8 Kf8 50. Bd5 Ke7 51. Bg8 Ra5 52. Kf3 Ra3+ 53.
Kg2 Rc3 54. Bd5 Kd6 55. Bg8 Kc5 56. Be6 Kd4 57. Bxf5 Rxc4 58. Kf3 Rc5 59. Kg4
Rb5 60. Bg6 Rb2 61. Kxh4 Rxf2 62. Kg4 Ke3 63. f5 Rf4+ 64. Kh5 Kf3 65. Kh6 Rh4+
66. Kg7 Rxh3 1/2-1/2

[Event "Quebec-ch U16"]
[Site "Montreal CAN"]
[Date "2010.11.28"]
[Round "5"]
[White "Paquette, Esther-Jeanne"]
[Black "Wu, Qiyou"]
[Result "0-1"]
[WhiteElo "1024"]
[BlackElo "1751"]
[PlyCount "62"]
[EventDate "2010.11.26"]
[EventType "swiss"]
[EventRounds "5"]
[EventCountry "CAN"]

1. d4 d5 2. c4 e6 3. Nc3 Be7 4. Bf4 Nf6 5. cxd5 exd5 6. Nf3 Nbd7 7. Nb5 Bb4+ 8.
Bd2 Bxd2+ 9. Qxd2 O-O 10. Rc1 Ne4 11. Qf4 c6 12. Nc3 Qa5 13. Qe3 Ndf6 14. h3
Bf5 15. a3 Rfe8 16. Ne5 Nd7 17. f3 Ng3 18. Qf4 Nxh1 19. Qxf5 Nxe5 20. dxe5 Qb6
21. Nd1 Qa5+ 22. b4 Qxa3 23. Qf4 a5 24. bxa5 Qxa5+ 25. Rc3 Rad8 26. e3 c5 27.
Ke2 d4 28. exd4 cxd4 29. Rd3 Rxe5+ 30. Ne3 Rxe3+ 31. Rxe3 dxe3 0-1

[Event "Quebec-ch U16"]
[Site "Montreal CAN"]
[Date "2010.11.28"]
[Round "5"]
[White "Roy, Myriam"]
[Black "MacIsaac, Alexandre"]
[Result "1-0"]
[WhiteElo "2007"]
[BlackElo "1738"]
[PlyCount "69"]
[EventDate "2010.11.26"]
[EventType "swiss"]
[EventRounds "5"]
[EventCountry "CAN"]

1. e4 c5 2. Nf3 d6 3. d4 cxd4 4. Nxd4 Nf6 5. Nc3 g6 6. Be2 Bg7 7. O-O Nc6 8.
Be3 Bd7 9. Kh1 O-O 10. f4 a6 11. Bf3 Ne8 12. Qd2 Nf6 13. Rad1 Ng4 14. Bg1 Rc8
15. h3 Nf6 16. Qe2 Qa5 17. Rfe1 Qb4 18. e5 dxe5 19. fxe5 Ne8 20. Nd5 Qxb2 21.
Nxc6 Rxc6 22. Nxe7+ Kh8 23. Nxc6 Bxc6 24. Bxc6 bxc6 25. Bc5 Rg8 26. Rd7 Qxa2
27. Rf1 f5 28. Ra7 Qd5 29. Be7 Bxe5 30. Rd1 Qe6 31. Re1 Qb3 32. Qxe5+ Nf6 33.
Bxf6+ Rg7 34. Bxg7+ Kg8 35. Qe8# 1-0

[Event "Quebec-ch U20"]
[Site "Montreal CAN"]
[Date "2010.03.12"]
[Round "1"]
[White "Cvetkovic, Simeon"]
[Black "Nevarko, Serguei"]
[Result "1-0"]
[WhiteElo "1934"]
[BlackElo "1248"]
[PlyCount "43"]
[EventDate "2010.03.12"]
[EventType "swiss"]
[EventRounds "5"]
[EventCountry "CAN"]

1. b3 d5 2. Bb2 Nc6 3. Nf3 Nf6 4. g3 Bf5 5. Bg2 Qd7 6. d3 O-O-O 7. h3 h5 8. c4
e6 9. Nbd2 Bd6 10. a3 Rde8 11. b4 b6 12. Rc1 dxc4 13. Nxc4 b5 14. Nce5 Nxe5 15.
Nxe5 Bxe5 16. Bxe5 Kd8 17. Rxc7 Qxc7 18. Bxc7+ Kxc7 19. Qc2+ Kd8 20. Qc6 Ke7
21. Qxb5 Rc8 22. Qb7+ 1-0

[Event "Quebec-ch U20"]
[Site "Montreal CAN"]
[Date "2010.03.12"]
[Round "1"]
[White "Desmarais, Marie-Eve"]
[Black "Sarrazin-Gendron, Roman"]
[Result "0-1"]
[WhiteElo "1211"]
[BlackElo "1919"]
[PlyCount "48"]
[EventDate "2010.03.12"]
[EventType "swiss"]
[EventRounds "5"]
[EventCountry "CAN"]

1. d4 Nf6 2. Nf3 g6 3. Bg5 Bg7 4. e3 O-O 5. Bd3 d6 6. Nbd2 Nc6 7. c3 e5 8. O-O
Re8 9. Re1 h6 10. Bh4 g5 11. Bg3 e4 12. Nxe4 Nxe4 13. Qa4 Nxg3 14. hxg3 Bd7 15.
Qb3 Rb8 16. Nh2 Ne7 17. Re2 Be6 18. Qc2 f5 19. Rae1 c5 20. c4 Bd7 21. d5 Qc8
22. b3 b5 23. e4 bxc4 24. bxc4 Rb2 0-1

[Event "Quebec-ch U20"]
[Site "Montreal CAN"]
[Date "2010.03.12"]
[Round "1"]
[White "Jiang, Louie"]
[Black "Xu, Tian Run"]
[Result "1-0"]
[WhiteElo "2321"]
[BlackElo "1586"]
[PlyCount "47"]
[EventDate "2010.03.12"]
[EventType "swiss"]
[EventRounds "5"]
[EventCountry "CAN"]

1. e4 e5 2. Nf3 Nc6 3. Bb5 Nf6 4. O-O d6 5. Re1 Be7 6. h3 h6 7. c3 O-O 8. d4
exd4 9. cxd4 a6 10. Ba4 b5 11. Bb3 Bb7 12. Nc3 Re8 13. a3 Na5 14. Bc2 Bf8 15.
Bf4 d5 16. e5 Nd7 17. Qd3 g6 18. e6 Rxe6 19. Rxe6 fxe6 20. Qxg6+ Bg7 21. Qxe6+
Kh8 22. Be5 Nf8 23. Qxh6+ Kg8 24. Qxg7# 1-0

[Event "Quebec-ch U20"]
[Site "Montreal CAN"]
[Date "2010.03.12"]
[Round "1"]
[White "Lepine, Cedric"]
[Black "Samikov, Chingis"]
[Result "1-0"]
[WhiteElo "1841"]
[BlackElo "1187"]
[PlyCount "65"]
[EventDate "2010.03.12"]
[EventType "swiss"]
[EventRounds "5"]
[EventCountry "CAN"]

1. e4 c5 2. Nf3 d6 3. c3 Nf6 4. Be2 Nc6 5. d4 cxd4 6. cxd4 e6 7. Nc3 Be7 8. O-O
a6 9. a4 b6 10. Bf4 Bb7 11. d5 Na7 12. dxe6 fxe6 13. Ng5 Bc8 14. Bc4 Nxe4 15.
Ncxe4 d5 16. Qe2 O-O 17. Qh5 Bxg5 18. Nxg5 h6 19. Qg6 hxg5 20. Be5 Rf7 21. Bd3
Nc6 22. Bg3 Qf6 23. Qh7+ Kf8 24. Bg6 Ke7 25. Bxf7 Kxf7 26. Ra3 Qxb2 27. Rf3+
Ke7 28. Qg8 Ne5 29. Qf8+ Kd7 30. Bxe5 Qxe5 31. Rf7+ Kc6 32. Rc1+ Qc3 33. Rxc3#
1-0

[Event "Quebec-ch U20"]
[Site "Montreal CAN"]
[Date "2010.03.12"]
[Round "1"]
[White "Modwal, Sankalp"]
[Black "Wang, Kelly"]
[Result "1-0"]
[WhiteElo "2233"]
[BlackElo "1518"]
[PlyCount "79"]
[EventDate "2010.03.12"]
[EventType "swiss"]
[EventRounds "5"]
[EventCountry "CAN"]

1. e4 c5 2. Nf3 d6 3. d4 cxd4 4. Nxd4 Nf6 5. Nc3 g6 6. Bc4 Bg7 7. h3 Nc6 8. Be3
Bd7 9. Bb3 O-O 10. O-O Rc8 11. f4 a6 12. Qf3 b5 13. a3 Na5 14. e5 dxe5 15. fxe5
Nxb3 16. Nxb3 Ne8 17. Bd4 Qc7 18. Nd5 Qd8 19. Bb6 Nc7 20. Nxc7 Rxc7 21. Rad1
Qc8 22. Bxc7 Qxc7 23. c3 Bc6 24. Qf2 Bxe5 25. Nd4 Bh2+ 26. Kh1 Bg3 27. Qe2 Ba8
28. Ne6 fxe6 29. Qxe6+ Kg7 30. Rxf8 Kxf8 31. Rd7 Qc5 32. Rd8+ Kg7 33. Rxa8 Qg5
34. Qg8+ Kh6 35. Qf8+ Kh5 36. Qf1 Bd6 37. Rh8 h6 38. Qf3+ Kh4 39. Rxh6+ Qxh6
40. Qg4# 1-0

[Event "Quebec-ch U20"]
[Site "Montreal CAN"]
[Date "2010.03.12"]
[Round "1"]
[White "Nazarian, Ara"]
[Black "Dumont, Felix"]
[Result "0-1"]
[WhiteElo "1407"]
[BlackElo "2007"]
[PlyCount "144"]
[EventDate "2010.03.12"]
[EventType "swiss"]
[EventRounds "5"]
[EventCountry "CAN"]

1. e4 c5 2. Nf3 d6 3. d4 cxd4 4. Nxd4 Nf6 5. Nc3 a6 6. a4 e5 7. Nf3 Be7 8. Be2
Be6 9. Be3 Nbd7 10. b4 Rc8 11. Ra3 Ng4 12. Nd5 Bxd5 13. exd5 Nxe3 14. fxe3 Nf6
15. c4 Qb6 16. Qb3 a5 17. bxa5 Qxa5+ 18. Qc3 Qxc3+ 19. Rxc3 Ne4 20. Rb3 Nc5 21.
Rb5 Ra8 22. Bd1 O-O 23. O-O Rfb8 24. Rb4 Ra7 25. Bc2 Rc8 26. Nd2 Bd8 27. Nb3
Na6 28. Rb5 Rxc4 29. Bd3 Rxa4 30. Rc1 Kf8 31. Rc8 Ke7 32. Rc4 Rxc4 33. Bxc4 b6
34. Kf2 Nc5 35. Nxc5 bxc5 36. h3 Kd7 37. Kf3 Kc7 38. g3 f5 39. h4 g5 40. h5 g4+
41. Kf2 Ra3 42. Bb3 Bg5 43. Ke2 Bxe3 44. Kxe3 c4 45. Kd2 Rxb3 46. Ra5 Kb7 47.
Ke2 Rxg3 48. Rb5+ Kc7 49. Ra5 Rb3 50. Ra8 Rb8 51. Ra7+ Rb7 52. Ra4 c3 53. Rc4+
Kd7 54. Rxc3 Rb2+ 55. Kf1 Rh2 56. Rb3 Rxh5 57. Rb7+ Kc8 58. Rb6 Kc7 59. Rc6+
Kd7 60. Rb6 Rh6 61. Rb7+ Kc8 62. Rb4 Kc7 63. Kg2 f4 64. Rb3 Rh3 65. Rb2 f3+ 66.
Kg1 Rg3+ 67. Kh1 Rg2 68. Rb1 Rc2 69. Ra1 g3 70. Ra7+ Kb6 71. Ra1 Rh2+ 72. Kg1
f2+ 0-1

[Event "Quebec-ch U20"]
[Site "Montreal CAN"]
[Date "2010.03.12"]
[Round "1"]
[White "Poulin, Mathieu"]
[Black "Gu, Sheng Ming"]
[Result "0-1"]
[WhiteElo "1963"]
[BlackElo "1394"]
[PlyCount "98"]
[EventDate "2010.03.12"]
[EventType "swiss"]
[EventRounds "5"]
[EventCountry "CAN"]

1. d4 d5 2. c4 e6 3. Nc3 Nf6 4. cxd5 exd5 5. Bg5 Be7 6. e3 O-O 7. Bd3 h6 8. Bh4
Nbd7 9. Qc2 c5 10. Nf3 c4 11. Be2 Nb6 12. b3 cxb3 13. axb3 Be6 14. O-O Rc8 15.
Qb2 a6 16. Na4 Nxa4 17. bxa4 Ne4 18. Bxe7 Qxe7 19. Ra3 Bg4 20. Rb3 Rc7 21. Rb1
Rfc8 22. Bd3 Bxf3 23. gxf3 Nc3 24. Re1 Nxa4 25. Qd2 Rc3 26. Rxc3 Nxc3 27. Rc1
Qa3 28. Kg2 b5 29. Qe1 Rc6 30. e4 dxe4 31. fxe4 b4 32. d5 Rg6+ 33. Kh1 Nxd5 34.
Qd2 Nf4 35. Qxf4 Qxd3 36. Rg1 Qd6 37. Qf3 Rxg1+ 38. Kxg1 Qc6 39. Qe3 Qb5 40.
Qb3 a5 41. f4 a4 42. Qc2 b3 43. Qc8+ Kh7 44. e5 Qb6+ 45. Kf1 b2 46. Qc2+ g6 47.
Qb1 a3 48. Ke2 Qa6+ 49. Kd2 a2 0-1

[Event "Quebec-ch U20"]
[Site "Montreal CAN"]
[Date "2010.03.12"]
[Round "1"]
[White "Shi, Ling Yun"]
[Black "Luo, Zhao Yang"]
[Result "1-0"]
[WhiteElo "1254"]
[BlackElo "1955"]
[PlyCount "63"]
[EventDate "2010.03.12"]
[EventType "swiss"]
[EventRounds "5"]
[EventCountry "CAN"]

1. e4 c6 2. d4 d5 3. exd5 cxd5 4. c4 Nc6 5. Nc3 dxc4 6. Bxc4 Qxd4 7. Qb3 e6 8.
Nf3 Qg4 9. O-O Bd7 10. h3 Qh5 11. Qxb7 Rb8 12. Qc7 Qc5 13. Rd1 Nf6 14. Ne4 Nd5
15. Rxd5 exd5 16. Nxc5 Bxc5 17. Bxd5 Rc8 18. Qf4 O-O 19. Be3 Bxe3 20. Qxe3 Nb4
21. Qb3 Nc2 22. Rd1 Bf5 23. Ne5 Rb8 24. Bxf7+ Kh8 25. Qg3 Rxb2 26. Rd7 Rb4 27.
Be6 g6 28. Bxf5 Rxf5 29. Qc3 Rb1+ 30. Kh2 Rxf2 31. Qc8+ Rf8 32. Qxf8# 1-0

[Event "Quebec-ch U20"]
[Site "Montreal CAN"]
[Date "2010.03.13"]
[Round "2"]
[White "Chingis, Samikov"]
[Black "Perna-Fraser, David"]
[Result "1/2-1/2"]
[WhiteElo "1187"]
[BlackElo "1606"]
[PlyCount "56"]
[EventDate "2010.03.12"]
[EventType "swiss"]
[EventRounds "5"]
[EventCountry "CAN"]

1. e4 e5 2. Nf3 d6 3. d4 exd4 4. Nxd4 c5 5. Bb5+ Bd7 6. Bxd7+ Nxd7 7. Nf5 Ndf6
8. Nc3 g6 9. Ng3 Ne7 10. O-O Nc6 11. Bg5 Be7 12. Bxf6 Bxf6 13. Qd2 O-O 14. Rad1
Nd4 15. Rfe1 Qb6 16. Nd5 Qd8 17. Nxf6+ Qxf6 18. c3 Ne6 19. Qe3 Rad8 20. Rf1 Qf4
21. Rfe1 b5 22. Qxf4 Nxf4 23. Ne2 Nxe2+ 24. Rxe2 Rfe8 25. f3 f5 26. Kf2 f4 27.
Red2 b4 28. c4 Re6 1/2-1/2

[Event "Quebec-ch U20"]
[Site "Montreal CAN"]
[Date "2010.03.13"]
[Round "2"]
[White "Dumont, Felix"]
[Black "Cote-Lalumiere, Tristan"]
[Result "1-0"]
[WhiteElo "2007"]
[BlackElo "1619"]
[PlyCount "33"]
[EventDate "2010.03.12"]
[EventType "swiss"]
[EventRounds "5"]
[EventCountry "CAN"]

1. d4 Nf6 2. Nf3 c5 3. c4 cxd4 4. Nxd4 d6 5. Nc3 g6 6. e4 Bg7 7. Be2 Nc6 8. Be3
Nxd4 9. Bxd4 O-O 10. O-O Be6 11. f3 a6 12. a4 Rc8 13. b3 Qa5 14. Rb1 Bxc4 15.
bxc4 e5 16. Bb6 Qxc3 17. Rb3 1-0

[Event "Quebec-ch U20"]
[Site "Montreal CAN"]
[Date "2010.03.13"]
[Round "2"]
[White "Gu, Sheng Ming"]
[Black "Lepine, Cedric"]
[Result "0-1"]
[WhiteElo "1394"]
[BlackElo "1842"]
[PlyCount "79"]
[EventDate "2010.03.12"]
[EventType "swiss"]
[EventRounds "5"]
[EventCountry "CAN"]

1. e4 Nf6 2. e5 Nd5 3. c4 Nb6 4. d4 d6 5. f4 dxe5 6. fxe5 Nc6 7. Be3 Bf5 8. Nf3
Nb4 9. Na3 e6 10. Be2 Qd7 11. O-O Be7 12. h3 O-O-O 13. Bf2 h6 14. Qd2 Nc6 15.
Rfd1 f6 16. c5 Nd5 17. Bb5 a6 18. Ba4 Be4 19. Bg3 Rhf8 20. Qe2 Bxf3 21. gxf3
fxe5 22. Bxe5 Bf6 23. Kh2 Bxe5+ 24. dxe5 Rf4 25. Bxc6 Qxc6 26. Rac1 Rdf8 27.
Rf1 Rh4 28. Qf2 g5 29. Rc4 Nf4 30. Rd4 Nxh3 31. Qd2 Nf4+ 32. Kg1 Ne2+ 33. Qxe2
Rxd4 34. Nc2 Rdf4 35. Kg2 g4 36. Ne1 gxf3+ 37. Rxf3 Rg8+ 38. Kf2 Qxc5+ 39. Qe3
Rxf3+ 40. Kxf3 0-1

[Event "Quebec-ch U20"]
[Site "Montreal CAN"]
[Date "2010.03.13"]
[Round "2"]
[White "Luo, Zhao Yang"]
[Black "Desmarais, Marie-Eve"]
[Result "1-0"]
[WhiteElo "1955"]
[BlackElo "1211"]
[PlyCount "77"]
[EventDate "2010.03.12"]
[EventType "swiss"]
[EventRounds "5"]
[EventCountry "CAN"]

1. d4 Nf6 2. c4 c5 3. d5 b5 4. cxb5 a6 5. b6 Qxb6 6. Nc3 d6 7. e4 Nbd7 8. Nf3
g6 9. Qc2 Bg7 10. h3 O-O 11. Be2 Ne8 12. Nd2 Nc7 13. Nc4 Qa7 14. Be3 Nb5 15.
O-O Nd4 16. Qd2 Nxe2+ 17. Qxe2 a5 18. Nb5 Qb8 19. a4 Ne5 20. Nca3 Qb6 21. f4
Nd7 22. Nc4 Qb8 23. Bd2 Ba6 24. Nxa5 Bxb5 25. axb5 Bxb2 26. Rab1 Bd4+ 27. Kh1
Qb6 28. Nc4 Qb7 29. b6 Rfb8 30. Na5 Qa6 31. Qxa6 Rxa6 32. b7 Nf6 33. Nc6 Rxb7
34. Rxb7 Nxe4 35. Be1 Ra1 36. Nxd4 cxd4 37. Kg1 Ra5 38. Rxe7 Nc5 39. Bxa5 1-0

[Event "Quebec-ch U20"]
[Site "Montreal CAN"]
[Date "2010.03.13"]
[Round "2"]
[White "Ma, Indy"]
[Black "Dobrev, Martin"]
[Result "0-1"]
[WhiteElo "1335"]
[BlackElo "1846"]
[PlyCount "70"]
[EventDate "2010.03.12"]
[EventType "swiss"]
[EventRounds "5"]
[EventCountry "CAN"]

1. d4 c6 2. c4 d5 3. Nc3 Nf6 4. Nf3 e6 5. Bg5 dxc4 6. e4 b5 7. a4 Bb4 8. Be2
Qb6 9. O-O Bxc3 10. Bxf6 Bxb2 11. a5 Qa6 12. Bxg7 Rg8 13. Ra2 Rxg7 14. Rxb2
Qxa5 15. d5 c5 16. Ne5 Qc3 17. Nxc4 bxc4 18. Rc2 Qa5 19. Bxc4 e5 20. Qf3 Qb6
21. Rd1 Bg4 22. Qc3 Bxd1 23. Qxe5+ Kf8 24. Rb2 Nd7 25. Qc3 Qg6 26. f3 Qd6 27.
Qe3 Ne5 28. Be2 Bxe2 29. Qxe2 Rb8 30. Ra2 Rb1+ 31. Kf2 Qg6 32. g3 c4 33. Rc2
Qb6+ 34. Kg2 Rg1+ 35. Kh3 Qh6# 0-1

[Event "Quebec-ch U20"]
[Site "Montreal CAN"]
[Date "2010.03.13"]
[Round "2"]
[White "MacIsaac, Alexandre"]
[Black "Cvetkovic, Simeon"]
[Result "1/2-1/2"]
[WhiteElo "1622"]
[BlackElo "1934"]
[PlyCount "67"]
[EventDate "2010.03.12"]
[EventType "swiss"]
[EventRounds "5"]
[EventCountry "CAN"]

1. e4 c5 2. Nf3 d6 3. d4 cxd4 4. Nxd4 Nf6 5. Nc3 g6 6. Be3 Bg7 7. f3 O-O 8. Qd2
Nc6 9. Bc4 Bd7 10. O-O-O Na5 11. Bb3 Rb8 12. Bh6 Bxh6 13. Qxh6 b5 14. h4 e5 15.
Nde2 b4 16. Nd5 Nxb3+ 17. axb3 Nxd5 18. Rxd5 Rb6 19. h5 g5 20. Rxd6 f6 21. Rhd1
Rxd6 22. Rxd6 Qe7 23. Rd2 Be6 24. Ng3 Qc5 25. Nf5 Bxf5 26. exf5 Qc6 27. Kb1 Qc7
28. Kc1 Qe7 29. Kb1 Rf7 30. Rd3 Rg7 31. g4 Kf8 32. c3 bxc3 33. Rxc3 Qd6 34.
Rc8+ 1/2-1/2